Hỏi-đáp về kĩ thuật thực hành kinh doanh xuất nhập khẩu

Nội dung gồm có các câu trả lời về những thắc mắc thường ngày trong kinh doanh xuất nhập khẩu; nêu các tình huống và cách xử lý đúng

محفوظ في:
التفاصيل البيبلوغرافية
المؤلف الرئيسي: Võ Thanh Thu
التنسيق: كتاب
اللغة:Undetermined
منشور في: Hà Nội Thống kê 1996
الموضوعات:
الوسوم: إضافة وسم
لا توجد وسوم, كن أول من يضع وسما على هذه التسجيلة!
Thư viện lưu trữ: Trung tâm Học liệu Trường Đại học Cần Thơ
LEADER 00804nam a2200193Ia 4500
001 CTU_23644
008 210402s9999 xx 000 0 und d
082 |a 382.3 
082 |b Th500h 
100 |a Võ Thanh Thu 
245 0 |a Hỏi-đáp về kĩ thuật thực hành kinh doanh xuất nhập khẩu 
245 0 |c Võ Thanh Thu 
260 |a Hà Nội 
260 |b Thống kê 
260 |c 1996 
520 |a Nội dung gồm có các câu trả lời về những thắc mắc thường ngày trong kinh doanh xuất nhập khẩu; nêu các tình huống và cách xử lý đúng 
650 |a customary law - vietnam,international commerce 
904 |i Phượng,980405 
980 |a Trung tâm Học liệu Trường Đại học Cần Thơ